000 00329nam a2200133Ia 4500
008 220217s9999||||xx |||||||||||||| ||und||
020 _a1-902505-58-1
082 _a658.404
100 _aBob hughes
_95990
245 0 _aProject management
260 _aBCS
_bUP
_c2007
300 _b395
650 _aPROJECT MANAGEMENT
_92761
999 _c177267
_d177267